000 00278nam a2200109 a 4500
005 20200930070629.0
008 110914s1992 000 spa d
020 _a0252017374
245 0 _aBaseball : a history of america´s game.
260 _aChicago,
_c1992.
999 _c33415
_d33415
040 _aDO-SdBNP